| 000 -LEADER |
| fixed length control field |
01353 a2200253 4500 |
| 003 - CONTROL NUMBER IDENTIFIER |
| control field |
Nust |
| 005 - DATE AND TIME OF LATEST TRANSACTION |
| control field |
20221219101511.0 |
| 010 ## - LIBRARY OF CONGRESS CONTROL NUMBER |
| LC control number |
2002027225 |
| 020 ## - INTERNATIONAL STANDARD BOOK NUMBER |
| International Standard Book Number |
0471218766 (cloth : alk. paper) |
| 040 ## - CATALOGING SOURCE |
| Transcribing agency |
Nust |
| 082 00 - DEWEY DECIMAL CLASSIFICATION NUMBER |
| Classification number |
621.3824,MAK |
| 100 1# - MAIN ENTRY--PERSONAL NAME |
| Personal name |
Makarov, Sergey N. |
| 9 (RLIN) |
105164 |
| 245 10 - TITLE STATEMENT |
| Title |
Antenna and EM modeling with Matlab / |
| Statement of responsibility, etc. |
Sergey N. Makarov. |
| 260 ## - PUBLICATION, DISTRIBUTION, ETC. |
| Place of publication, distribution, etc. |
New York : |
| Name of publisher, distributor, etc. |
Wiley-Interscience, |
| Date of publication, distribution, etc. |
c2002. |
| 300 ## - PHYSICAL DESCRIPTION |
| Extent |
xiii, 273 p. : |
| Other physical details |
ill. ; |
| Dimensions |
25 cm. + |
| Accompanying material |
1 CD-ROM (4 3/4 in.) |
| 505 ## - FORMATTED CONTENTS NOTE |
| Formatted contents note |
Introduction (Page-1), Receiving Antenna (Page-11), Algorithm for Far and Near Fields (Page-39), Dipole and Monopole Antennas (Page-57), Loop Antennas (Page-89), Antenna Arrays (Page-113), Broadband Antennas (Page-151), Ultra Wideband Communications Antenna (Page-193), Antenna Loading (Page-223), Patch Antennas (Page-233). |
| 650 #0 - SUBJECT ADDED ENTRY--TOPICAL TERM |
| Topical term or geographic name entry element |
Antenna radiation patterns |
| General subdivision |
Computer simulation. |
| 9 (RLIN) |
105165 |
| 650 #0 - SUBJECT ADDED ENTRY--TOPICAL TERM |
| Topical term or geographic name entry element |
Antennas (Electronics) |
| General subdivision |
Computer simulation. |
| 9 (RLIN) |
105166 |
| 650 #0 - SUBJECT ADDED ENTRY--TOPICAL TERM |
| Topical term or geographic name entry element |
Electromagnetic waves |
| General subdivision |
Computer simulation. |
| 9 (RLIN) |
105167 |
| 856 42 - ELECTRONIC LOCATION AND ACCESS |
| Materials specified |
Contributor biographical information |
| Uniform Resource Identifier |
<a href="http://www.loc.gov/catdir/bios/wiley044/2002027225.html">http://www.loc.gov/catdir/bios/wiley044/2002027225.html</a> |
| 856 42 - ELECTRONIC LOCATION AND ACCESS |
| Materials specified |
Publisher description |
| Uniform Resource Identifier |
<a href="http://www.loc.gov/catdir/description/wiley036/2002027225.html">http://www.loc.gov/catdir/description/wiley036/2002027225.html</a> |
| 856 42 - ELECTRONIC LOCATION AND ACCESS |
| Materials specified |
Table of contents |
| Uniform Resource Identifier |
<a href="http://www.loc.gov/catdir/toc/wiley023/2002027225.html">http://www.loc.gov/catdir/toc/wiley023/2002027225.html</a> |
| 942 ## - ADDED ENTRY ELEMENTS (KOHA) |
| Source of classification or shelving scheme |
|
| Koha item type |
Book |